The founding of Harrodsburg. (Record no. 17112)

MARC details
000 -LEADER
fixed length control field 00884cam a22002531 4500
001 - CONTROL NUMBER
control field ca 33000825
003 - CONTROL NUMBER IDENTIFIER
control field DLC
005 - DATE AND TIME OF LATEST TRANSACTION
control field 20260227111129.0
008 - FIXED-LENGTH DATA ELEMENTS--GENERAL INFORMATION
fixed length control field 791204s1929 kyu 000 0 eng
010 ## - LIBRARY OF CONGRESS CONTROL NUMBER
LC control number ca 33000825
035 ## - SYSTEM CONTROL NUMBER
System control number (OCoLC)5756358
040 ## - CATALOGING SOURCE
Original cataloging agency DLC
Transcribing agency KyDC
Modifying agency DLC
042 ## - AUTHENTICATION CODE
Authentication code premarc
050 00 - LIBRARY OF CONGRESS CALL NUMBER
Classification number F459.H32
Item number J5
082 ## - DEWEY DECIMAL CLASSIFICATION NUMBER
Classification number 976.9
100 1# - MAIN ENTRY--PERSONAL NAME
Personal name Jillson, Willard Rouse,
Dates associated with a name 1890-
245 14 - TITLE STATEMENT
Title The founding of Harrodsburg.
Remainder of title Old Fort Harrod.
Statement of responsibility, etc. By Willard Rouse Jillson.
260 ## - PUBLICATION, DISTRIBUTION, ETC.
Place of publication, distribution, etc. Frankfort, Ky.,
Name of publisher, distributor, etc. Kentucky state park commission,
Date of publication, distribution, etc. 1929.
300 ## - PHYSICAL DESCRIPTION
Extent 14 p.
Other physical details illus.
Dimensions 25.5 cm.
500 ## - GENERAL NOTE
General note "Two illustrated papers reprinted with revisions from the Register of the Kentucky state historical society, vol. 27, no. 81, September, 1929."
504 ## - BIBLIOGRAPHY, ETC. NOTE
Bibliography, etc. note "Selected bibliography": p. 9-14.
651 #0 - SUBJECT ADDED ENTRY--GEOGRAPHIC NAME
Geographic name Harrodsburg (Ky.)
651 #0 - SUBJECT ADDED ENTRY--GEOGRAPHIC NAME
Geographic name Fort Harrod (Harrodsburg, Ky.)

No items available.

Powered by Koha